000 00483nam a2200169Ia 4500
999 _c9163
_d9163
020 _a9789386618030
082 _a338.95 ONE-
245 0 _aOne belt one road: China's global outreach
260 _aNew Delhi
_bPentagon Press
_c2017
300 _axvi, 438p
504 _aincludes index
650 _aCooperation
_vCooperative movement
_vPakistan
650 _aCooperation
_vCooperative movement
_vJapan
700 _aKondapalli, Srikanth
700 _aXiaowen, Hu
942 _cBK
_2ddc